| 000 | 00571 a2200193 4500 | ||
|---|---|---|---|
| 003 | Nust | ||
| 005 | 20230227190552.0 | ||
| 010 | _a 95017260 | ||
| 020 | _a0070237182 | ||
| 040 | _cNust | ||
| 082 | 0 | 0 | _a004.03,GIB |
| 100 | 1 |
_aGibilisco, Stan. _92372 |
|
| 245 | 1 | 0 |
_aMcGraw-Hill encyclopedia of personal computing / _cStan Gibilisco, editor in chief. |
| 246 | 3 | 0 | _aEncyclopedia of personal computing |
| 260 |
_aNew York : _bMcGraw-Hill, _cc1995. |
||
| 300 |
_axvi, 1216 p. : _bill. ; _c29 cm. |
||
| 650 | 0 |
_aMicrocomputers _xEncyclopedias. _9109616 |
|
| 942 |
_cREF _2ddc |
||
| 999 |
_c184381 _d184381 |
||